ბათუმის შოთა რუსთაველის სახელმწიფო უნივერსიტეტის ბიბლიოთეკა

Заубежная лингвистика.II,,Новое В Лингвистике",,Новое В Зарубежной Лингвистике". (ბიბ.ჩანაწერი № 35076)

000 -LEADER
fixed length control field 00657nam a2200229Ia 4500
001 - CONTROL NUMBER
control field 917
003 - CONTROL NUMBER IDENTIFIER
control field GE_BSU
008 - FIXED-LENGTH DATA ELEMENTS--GENERAL INFORMATION
fixed length control field 181216s||||||||xx |||||||||||||| ||und||
020 ## - INTERNATIONAL STANDARD BOOK NUMBER
International Standard Book Number 501004725X
040 ## - CATALOGING SOURCE
Transcribing agency GE_BSU
080 ## - UNIVERSAL DECIMAL CLASSIFICATION NUMBER
Universal Decimal Classification number 81
245 ## - TITLE STATEMENT
Title Заубежная лингвистика.II,,Новое В Лингвистике",,Новое В Зарубежной Лингвистике".
245 ## - TITLE STATEMENT
Remainder of title Избранное
245 ## - TITLE STATEMENT
Statement of responsibility, etc. Пер. с англ.
260 ## - PUBLICATION, DISTRIBUTION, ETC.
Place of publication, distribution, etc. Москва
260 ## - PUBLICATION, DISTRIBUTION, ETC.
Name of publisher, distributor, etc. ,,Прогресс
260 ## - PUBLICATION, DISTRIBUTION, ETC.
Date of publication, distribution, etc. 2002
300 ## - PHYSICAL DESCRIPTION
Extent 268 с.
653 ## - INDEX TERM--UNCONTROLLED
Uncontrolled term Зарубежная лингвисеика.
942 ## - ADDED ENTRY ELEMENTS (KOHA)
Koha item type წიგნი
ეგზემპლარები
Withdrawn status Lost status Damaged status Not for loan Date acquired Barcode Date last seen Price effective from Koha item type
        2018-12-17 1748 2018-12-17 2018-12-17 წიგნი